| 000 | 00596cam a22001691 4500 | ||
|---|---|---|---|
| 082 |
_a620.11 _bAEB _cL-36, P-4 |
||
| 100 | 1 |
_aAebersold, Paul C. _940764 |
|
| 245 | 1 | 0 | _aIsotopes and their application in the field of industrial materials. |
| 260 |
_a[n. p., _c1948] |
||
| 300 |
_a28 p. _billus., ports. _c24 cm. |
||
| 500 | _a"Reprint from the ... Proceedings of the American Society for Testing Materials, Philadelphia, Pa. Volume 38, 1948. | ||
| 526 |
_a0 _b0 _c0 _d620_110000000000000_AEB |
||
| 650 | 0 |
_aIsotopes. _940765 |
|
| 650 | 0 |
_aMCE _9379 |
|
| 650 | 0 | _aNuclear energy. | |
| 942 |
_2ddc _cBK |
||
| 999 |
_c545007 _d545007 |
||